Epicuro. Opere.

Sábháilte in:
Sonraí bibleagrafaíochta
Príomhchruthaitheoir: Epicuro (autor)
Rannpháirtithe: Isnardi Parente, Margherita (a cura)
Formáid: LEABHAR
Teanga:Béarla
Foilsithe / Cruthaithe: Torino, Italia: TEA, 1983.
Sraith:I Classici del Pensiero Tea,
Ábhair:
Clibeanna: Cuir clib leis
Níl clibeanna ann, Bí ar an gcéad duine le clib a chur leis an taifead seo!

MARC

LEADER 00000nam a22000007a 4500
003 CL-VaPUC
005 20220822114612.0
008 220712t1974 ||||| |||| 00| 0 eng d
999 |c 436948  |d 436946 
020 |a 88-7819-475-1 
040 |c Pontificia Universidad Católica de Valparaíso 
082 |2 22  |a 187 EPI 1983 
100 |a Epicuro  |9 314341  |e autor  
245 |a Epicuro.   |b Opere.  
260 |a Torino, Italia:   |b TEA,   |c 1983. 
300 |a 642 páginas.  
490 |a I Classici del Pensiero Tea,   |n  4.  
500 |a c.1 Donación Familia Prof. Alejandro Guzmán Brito. 
583 |c 20220712  |k Yessy Sthefany Diaz Vidal 
600 0 |a Epicuro,  |9 871012  |d  341-271 a.C.   |x Filosofía 
650 0 |9 871013  |a Filosofía epicúrea 
700 |9 871449  |a Isnardi Parente, Margherita  |e a cura  
942 |2 ddc  |c BK  |n 0 
952 |0 0  |1 0  |2 ddc  |4 0  |6 187_000000000000000_EPI_1983  |7 0  |8 C_AGB  |9 584682  |a BIBDER  |b BIBDER  |d 2022-07-12  |e Donación   |i 5652676  |o 187 EPI 1983  |p 5652676  |r 2023-01-25  |t 1  |w 2022-07-12  |y BK_US  |k AGB